[Event "Quebec op U2000"]
[Site "Longueuil CAN"]
[Date "2019.07.26"]
[Round "8.3"]
[White "Mangahas, Ronald"]
[Black "Liu, Kevin"]
[Result "1-0"]
[WhiteElo "1670"]
[BlackElo "1658"]
[PlyCount "63"]
[EventDate "2019.07.20"]
[EventType "swiss"]
[EventRounds "9"]
[EventCountry "CAN"]

1. e4 c5 2. Nf3 Nc6 3. d4 cxd4 4. Nxd4 g6 5. Nc3 Bg7 6. Be3 Nf6 7. Bc4 Qa5 8.
O-O O-O 9. Bb3 d6 10. Kh1 Ng4 11. Nxc6 bxc6 12. Bd2 Qb6 13. Qe2 h5 14. Na4 Qc7
15. h3 Nf6 16. f4 d5 17. e5 Ne4 18. Be1 a5 19. Rf3 e6 20. c4 f6 21. Qc2 Qb7 22.
cxd5 exd5 23. Qxe4 Qxb3 24. Qxg6 Qxa4 25. Rg3 Ra7 26. exf6 Rxf6 27. Qxf6 Rf7
28. Rxg7+ Rxg7 29. Bc3 d4 30. Bxd4 Rg3 31. Re1 Bd7 32. Qd8+ 1-0

[Event "Quebec op U2000"]
[Site "Longueuil CAN"]
[Date "2019.07.26"]
[Round "8.4"]
[White "Gueorguiev, Valentin"]
[Black "Weston, Paul"]
[Result "0-1"]
[WhiteElo "1945"]
[BlackElo "1912"]
[PlyCount "166"]
[EventDate "2019.07.20"]
[EventType "swiss"]
[EventRounds "9"]
[EventCountry "CAN"]

1. Nf3 f5 2. g3 Nf6 3. c4 g6 4. Nc3 Bg7 5. Bg2 O-O 6. O-O d6 7. d3 e5 8. Rb1 a5
9. a3 Nc6 10. b4 axb4 11. axb4 h6 12. b5 Ne7 13. Bb2 g5 14. Ra1 Rb8 15. Nd2 Qe8
16. Ra7 Qh5 17. Qb3 Kh8 18. Ba3 Nd7 19. Bf3 g4 20. Bg2 f4 21. Nde4 Nf5 22. c5
Nd4 23. Qb2 f3 24. exf3 Nxf3+ 25. Bxf3 gxf3 26. Kh1 Nxc5 27. Bxc5 dxc5 28. Nd5
Bh3 29. Rg1 Bg2+ 30. Rxg2 fxg2+ 31. Kxg2 Qf3+ 32. Kg1 Qd1+ 33. Kg2 Qxd3 34.
Ndc3 Qf3+ 35. Kg1 Rfd8 36. Qa2 Rd4 37. Ra8 Rbd8 38. Rxd8+ Rxd8 39. Qa7 Rd1+ 40.
Nxd1 Qxd1+ 41. Kg2 Qd5 42. f3 c4 43. Qb8+ Kh7 44. Qxc7 Qxb5 45. Nf6+ Kg6 46.
Nh5 Bf6 47. Qc8 Kf7 48. Qf5 Qc6 49. Qh7+ Ke8 50. Qxh6 Be7 51. Qh8+ Kd7 52. Qxe5
c3 53. Qf5+ Kd8 54. Qc2 b5 55. Nf4 b4 56. Qd3+ Kc8 57. Nd5 Bd6 58. Qe4 Qc5 59.
Qe8+ Kb7 60. Qd7+ Kb8 61. Qd8+ Kb7 62. Qd7+ Kb8 63. Qe8+ Kb7 64. Qe4 Kb8 65.
Nf6 Kc7 66. Qh7+ Kc6 67. Qd7+ Kb6 68. Qa4 Qb5 69. Qc2 Qc4 70. Ne4 Bc5 71. h4
Qd4 72. Kh3 Kb5 73. Qb3 Qc4 74. Qc2 Qd4 75. h5 Kc4 76. Qa2+ Kd3 77. Qb3 Ke2 78.
Qc2+ Kxf3 79. Nxc5 Qg4+ 80. Kh2 Qxg3+ 81. Kh1 Qe1+ 82. Kh2 Qd2+ 83. Qxd2 cxd2
0-1

[Event "Quebec op U2000"]
[Site "Longueuil CAN"]
[Date "2019.07.26"]
[Round "8.5"]
[White "Hernandez, Juan Felipe"]
[Black "Strasser, Rouben"]
[Result "0-1"]
[WhiteElo "1454"]
[BlackElo "1806"]
[PlyCount "76"]
[EventDate "2019.07.20"]
[EventType "swiss"]
[EventRounds "9"]
[EventCountry "CAN"]

1. e4 c5 2. Nf3 e6 3. c3 d5 4. exd5 Qxd5 5. d4 Nc6 6. Bb5 cxd4 7. Bxc6+ Qxc6 8.
cxd4 Bb4+ 9. Bd2 Bd6 10. O-O b6 11. Ne5 Bxe5 12. dxe5 Ne7 13. Na3 Bb7 14. f3
Qc5+ 15. Kh1 Qxe5 16. Bc3 Qg5 17. Qc2 O-O 18. Nc4 Ba6 19. Qa4 Bxc4 20. Qxc4 Nd5
21. Qe4 Nxc3 22. bxc3 Rac8 23. Rfc1 Rc7 24. h4 Qa5 25. c4 Rfc8 26. Rc2 Qa4 27.
Rd1 b5 28. Rcd2 Re8 29. Rd8 bxc4 30. R8d4 Qc6 31. Qc2 e5 32. Rd6 Qc5 33. R1d5
Qe3 34. Kh2 Qf4+ 35. Kh3 g6 36. Qa4 Rcc8 37. Qxa7 c3 38. Rc5 c2 0-1

[Event "Quebec op U2000"]
[Site "Longueuil CAN"]
[Date "2019.07.26"]
[Round "8.6"]
[White "De Lagrave, Sylvain"]
[Black "Tsukerman, Julia"]
[Result "1-0"]
[WhiteElo "1860"]
[BlackElo "1481"]
[PlyCount "71"]
[EventDate "2019.07.20"]
[EventType "swiss"]
[EventRounds "9"]
[EventCountry "CAN"]

1. e4 c5 2. Nf3 d6 3. Bb5+ Bd7 4. Bxd7+ Qxd7 5. c4 Nc6 6. Nc3 Nf6 7. d4 cxd4 8.
Nxd4 g6 9. f3 Bg7 10. Be3 O-O 11. O-O a6 12. Qd3 Ne5 13. Qe2 Rac8 14. b3 Rfd8
15. Rac1 e6 16. Rfd1 d5 17. f4 Neg4 18. e5 Nxe3 19. Qxe3 Ng4 20. Qe2 h5 21. Na4
Qe8 22. Nb6 Rc7 23. cxd5 Rxc1 24. Rxc1 exd5 25. Rc7 Bf8 26. h3 Nh6 27. g4 hxg4
28. hxg4 Kg7 29. f5 Bb4 30. fxg6 Kxg6 31. Qd3+ Kg7 32. Nf5+ Nxf5 33. Qxf5 Be7
34. e6 Rd6 35. Nxd5 Rxe6 36. Rxe7 1-0

[Event "Quebec op U2000"]
[Site "Longueuil CAN"]
[Date "2019.07.26"]
[Round "8.7"]
[White "Selling, Edward"]
[Black "Baran, Marius"]
[Result "1/2-1/2"]
[WhiteElo "1604"]
[BlackElo "1648"]
[PlyCount "39"]
[EventDate "2019.07.20"]
[EventType "swiss"]
[EventRounds "9"]
[EventCountry "CAN"]

1. d4 Nf6 2. c4 e6 3. Nc3 d5 4. Nf3 Be7 5. Bg5 O-O 6. e3 Nbd7 7. Bd3 dxc4 8.
Bxc4 c6 9. O-O Nd5 10. Bxe7 Qxe7 11. a3 Nxc3 12. bxc3 b5 13. Bd3 Bb7 14. e4 a6
15. e5 c5 16. Qe2 cxd4 17. cxd4 Nb6 18. Qe3 h6 19. Nd2 Qg5 20. Qxg5 1/2-1/2

[Event "Quebec op U2000"]
[Site "Longueuil CAN"]
[Date "2019.07.26"]
[Round "8.8"]
[White "Goldner, John"]
[Black "Moran-Venegas, Mario"]
[Result "1-0"]
[WhiteElo "1731"]
[BlackElo "1631"]
[PlyCount "43"]
[EventDate "2019.07.20"]
[EventType "swiss"]
[EventRounds "9"]
[EventCountry "CAN"]

1. e4 c5 2. Nf3 d6 3. d4 cxd4 4. Nxd4 Nf6 5. Nc3 a6 6. Bc4 e6 7. Bb3 Be7 8. g4
Nc6 9. Be3 Nxd4 10. Bxd4 e5 11. Be3 Nxg4 12. Qf3 Nf6 13. Rg1 g6 14. O-O-O h5
15. h3 Rh7 16. Nd5 Nxd5 17. Bxd5 Qc7 18. Rd3 Bd7 19. Rb3 Rc8 20. Rc3 Bc6 21.
Qe2 b5 22. Bxc6+ 1-0

[Event "Quebec op U2000"]
[Site "Longueuil CAN"]
[Date "2019.07.26"]
[Round "8.9"]
[White "Morin-Pare, Victor"]
[Black "Laroche, Hugo"]
[Result "1-0"]
[WhiteElo "1904"]
[BlackElo "1665"]
[PlyCount "51"]
[EventDate "2019.07.20"]
[EventType "swiss"]
[EventRounds "9"]
[EventCountry "CAN"]

1. d4 d5 2. Bf4 Bf5 3. Nc3 Nf6 4. f3 e6 5. g4 Bg6 6. h4 h6 7. e3 Bd6 8. Nh3 c6
9. Bxd6 Qxd6 10. Nf4 Nbd7 11. Nxg6 fxg6 12. Bd3 Qg3+ 13. Kd2 O-O 14. Qg1 Qxf3
15. Be2 Ne4+ 16. Nxe4 Qxe4 17. Bd3 Qf3 18. Rf1 e5 19. Rxf3 Rxf3 20. Be2 Rf7 21.
Qg2 Raf8 22. Rf1 Rxf1 23. Bxf1 exd4 24. exd4 Nf6 25. Bd3 h5 26. gxh5 1-0

[Event "Quebec op U2000"]
[Site "Longueuil CAN"]
[Date "2019.07.26"]
[Round "8.10"]
[White "Strasser, Arevick"]
[Black "Lin, Leo"]
[Result "0-1"]
[WhiteElo "1588"]
[BlackElo "1660"]
[PlyCount "58"]
[EventDate "2019.07.20"]
[EventType "swiss"]
[EventRounds "9"]
[EventCountry "CAN"]

1. e4 c5 2. Nc3 Nc6 3. g3 g6 4. Bg2 Bg7 5. d3 d6 6. f4 e6 7. Nf3 Nge7 8. O-O
O-O 9. Ne2 d5 10. e5 f6 11. exf6 Bxf6 12. c3 Bg7 13. d4 cxd4 14. cxd4 Nf5 15.
Bh3 Re8 16. Bxf5 exf5 17. Ne5 Qb6 18. Kh1 Be6 19. b3 Rac8 20. Bb2 Nb4 21. Nc3
Bxe5 22. dxe5 d4 23. Ne2 Bd5+ 24. Kg1 d3+ 25. Nd4 Nc2 26. Qxd3 Be4 27. Qd2 Nxa1
28. Bxa1 Rc2 29. Qd1 Rg2+ 0-1

[Event "Quebec op U2000"]
[Site "Longueuil CAN"]
[Date "2019.07.26"]
[Round "8.11"]
[White "Jiang, Barron Jiyu"]
[Black "Gao, Shiqi"]
[Result "1-0"]
[WhiteElo "1588"]
[BlackElo "1754"]
[PlyCount "89"]
[EventDate "2019.07.20"]
[EventType "swiss"]
[EventRounds "9"]
[EventCountry "CAN"]

1. e4 c5 2. Nf3 Nc6 3. d4 cxd4 4. Nxd4 Nf6 5. Nc3 e6 6. Be2 Bb4 7. Bf3 Qa5 8.
Nde2 Ne5 9. O-O Nxf3+ 10. gxf3 O-O 11. Kh1 Qh5 12. Nf4 Qh4 13. Nce2 Nh5 14.
Nxh5 Qxh5 15. Nf4 Qh4 16. Be3 f5 17. Rg1 Be7 18. Rg3 e5 19. Qd5+ Rf7 20. Rag1
Bf8 21. Qxe5 d6 22. Qd5 Qe7 23. Bd4 Kh8 24. Nh5 Be6 25. Qa5 Rc8 26. Nxg7 Bxg7
27. Bxg7+ Rxg7 28. Rxg7 Qf6 29. exf5 Bxf5 30. Qc7 Rf8 31. Qe7 Qxe7 32. Rxe7
Bxc2 33. Rxb7 h5 34. Rg5 Rxf3 35. Rxh5+ Kg8 36. Rg5+ Kf8 37. Rb8+ Kf7 38. Rgg8
Rd3 39. Kg2 Bd1 40. Rg3 Rd2 41. h4 d5 42. Rb7+ Ke6 43. Rxa7 Rxb2 44. a4 d4 45.
Rd3 1-0

[Event "Quebec op U2000"]
[Site "Longueuil CAN"]
[Date "2019.07.26"]
[Round "8.12"]
[White "Gauthier, Denis"]
[Black "Chevalier, Francois"]
[Result "1-0"]
[WhiteElo "1792"]
[BlackElo "1768"]
[PlyCount "113"]
[EventDate "2019.07.20"]
[EventType "swiss"]
[EventRounds "9"]
[EventCountry "CAN"]

1. d4 Nf6 2. c4 e6 3. Nf3 d5 4. e3 c6 5. b3 Nbd7 6. Bd3 b6 7. O-O Bb7 8. Nbd2
Be7 9. Bb2 O-O 10. Qe2 c5 11. Rac1 Rc8 12. Rfd1 Re8 13. Bb1 Bf8 14. h3 Rc7 15.
e4 dxe4 16. Nxe4 Nxe4 17. Bxe4 Bxe4 18. Qxe4 Nf6 19. Qe2 cxd4 20. Rxd4 Rd7 21.
Rcd1 Rxd4 22. Nxd4 Qb8 23. Nc6 Qc7 24. Qf3 Rc8 25. Ne5 Be7 26. Rd3 a5 27. g3 h6
28. Kg2 Bd6 29. Ng4 Nxg4 30. Qxg4 Be5 31. Bxe5 Qxe5 32. Qd4 Qxd4 33. Rxd4 Rc6
34. Kf3 f6 35. Rd7 a4 36. Ke4 axb3 37. axb3 b5 38. cxb5 Rb6 39. Kd4 Rxb5 40.
Kc4 Rf5 41. Rd2 Re5 42. b4 Re1 43. b5 Rc1+ 44. Kb4 Kf8 45. b6 Ke7 46. Kb5 Rb1+
47. Kc6 Rc1+ 48. Kb7 e5 49. Ka7 Ra1+ 50. Kb8 Rb1 51. b7 g6 52. Ra2 Ke6 53. Ka7
Kf5 54. b8=Q Rxb8 55. Kxb8 h5 56. Kc7 Kg5 57. Kd6 1-0

[Event "Quebec op U2000"]
[Site "Longueuil CAN"]
[Date "2019.07.26"]
[Round "8.13"]
[White "Desmarais, Serge"]
[Black "Blanchet, Robert"]
[Result "0-1"]
[WhiteElo "1650"]
[BlackElo "1863"]
[PlyCount "100"]
[EventDate "2019.07.20"]
[EventType "swiss"]
[EventRounds "9"]
[EventCountry "CAN"]

1. c4 c5 2. Nc3 Nc6 3. g3 Nf6 4. Bg2 e6 5. e4 a6 6. Nge2 b5 7. cxb5 axb5 8. O-O
b4 9. Na4 Ba6 10. Re1 e5 11. d3 Bxd3 12. Qxd3 Rxa4 13. b3 Ra5 14. h3 Qa8 15.
Qc2 Qa7 16. Be3 Be7 17. f4 d6 18. Kh2 O-O 19. Ng1 Ra8 20. Re2 Nd4 21. Bxd4 cxd4
22. Qc4 Qb7 23. Qd3 Rc5 24. Rd1 Rc3 25. Qb1 Rac8 26. Nf3 Qc7 27. Ne1 Nd7 28.
Nd3 Qb8 29. Nb2 Qb5 30. Red2 h5 31. h4 Nf6 32. Bf1 Ng4+ 33. Kh1 Qd7 34. Nd3 Ne3
35. Kh2 Nxf1+ 36. Rxf1 Qb7 37. Re1 f6 38. Nb2 exf4 39. gxf4 f5 40. Nc4 Bxh4 41.
Rg1 fxe4 42. Rdg2 Bf6 43. Qd1 Rf3 44. Rf1 Rxf1 45. Qxf1 Qc7 46. Nd2 d5 47. Kh3
Qd7+ 48. Kh2 Rc3 49. f5 Qc7+ 50. Kh1 Rc1 0-1

[Event "Quebec op U2000"]
[Site "Longueuil CAN"]
[Date "2019.07.26"]
[Round "8.14"]
[White "Lambert, Pierre"]
[Black "Bilodeau-Savaria, Sandy-Rose"]
[Result "0-1"]
[WhiteElo "1728"]
[BlackElo "1196"]
[PlyCount "102"]
[EventDate "2019.07.20"]
[EventType "swiss"]
[EventRounds "9"]
[EventCountry "CAN"]

1. e4 c5 2. Nf3 e6 3. d4 cxd4 4. Nxd4 Nc6 5. Be3 Qc7 6. Be2 Nf6 7. Bf3 Be7 8.
Nc3 a6 9. O-O O-O 10. a4 d6 11. Nde2 Re8 12. Nf4 Bd7 13. Be2 Rac8 14. f3 Ne5
15. g4 h6 16. Kh1 Nc4 17. Bxc4 Qxc4 18. Rg1 Bc6 19. Nd3 Nxe4 20. fxe4 Bxe4+ 21.
Rg2 Bxg2+ 22. Kxg2 Qc6+ 23. Qf3 Bf6 24. Qxc6 Rxc6 25. Ra3 Bxc3 26. bxc3 Rec8
27. Bd2 f6 28. Nf4 e5 29. Nd5 Kf7 30. Rb3 Ke6 31. Ne3 Rb8 32. Rb4 b5 33. axb5
Rxb5 34. Kf3 Rxb4 35. cxb4 g6 36. c3 d5 37. Kf2 f5 38. Nd1 h5 39. gxh5 gxh5 40.
Nb2 d4 41. c4 e4 42. Ke2 Ke5 43. c5 Kd5 44. h4 a5 45. bxa5 Rxc5 46. Kd1 Ke5 47.
Na4 Rb5 48. Nb6 e3 49. Be1 Ke4 50. Nc4 Kd3 51. Na3 Rb3 0-1

[Event "Quebec op U2000"]
[Site "Longueuil CAN"]
[Date "2019.07.26"]
[Round "8.15"]
[White "Bilodeau-Savaria, Carl-William"]
[Black "Duplessis, Claude"]
[Result "0-1"]
[WhiteElo "1392"]
[BlackElo "1571"]
[PlyCount "90"]
[EventDate "2019.07.20"]
[EventType "swiss"]
[EventRounds "9"]
[EventCountry "CAN"]

1. d4 f5 2. c4 Nf6 3. g3 e6 4. Bg2 Be7 5. Qc2 O-O 6. Nf3 d6 7. Nc3 Nbd7 8. O-O
Qe8 9. b3 Qh5 10. Bb2 g5 11. e4 fxe4 12. Nxe4 Nxe4 13. Qxe4 Nf6 14. Qe2 Bd7 15.
Rfe1 Rf7 16. Nd2 Ng4 17. h3 Rxf2 18. Qd1 Bc6 19. d5 Qf7 20. hxg4 exd5 21. Bxd5
Bxd5 22. cxd5 Rf8 23. Rf1 Rxf1+ 24. Qxf1 Qxd5 25. Qc4 Qxc4 26. bxc4 c6 27. Re1
Rf7 28. Kg2 Kf8 29. Rf1 Rxf1 30. Nxf1 Kf7 31. Ne3 Bf6 32. Bxf6 Kxf6 33. Kf3 Ke5
34. Nf5 d5 35. cxd5 Kxd5 36. Nh6 Ke6 37. Ke4 c5 38. Kd3 b5 39. Nf5 Ke5 40. Ng7
c4+ 41. Kc3 a5 42. a3 Ke4 43. Nf5 Kf3 44. a4 bxa4 45. Kxc4 Kxg4 0-1

[Event "Quebec op U2000"]
[Site "Longueuil CAN"]
[Date "2019.07.27"]
[Round "9.1"]
[White "Zhang, Chu Hang"]
[Black "Weston, Paul"]
[Result "1-0"]
[WhiteElo "1806"]
[BlackElo "1912"]
[PlyCount "29"]
[EventDate "2019.07.20"]
[EventType "swiss"]
[EventRounds "9"]
[EventCountry "CAN"]

1. e4 g6 2. Nc3 Bg7 3. g3 d6 4. Bg2 Nf6 5. Nge2 O-O 6. O-O e5 7. d3 Be6 8. Nd5
Nbd7 9. Ne3 c6 10. f4 Bg4 11. h3 exf4 12. Nxg4 Nxg4 13. hxg4 fxg3 14. g5 f6 15.
gxf6 1-0

[Event "Quebec op U2000"]
[Site "Longueuil CAN"]
[Date "2019.07.27"]
[Round "9.2"]
[White "Wu, Tony (Dongze)"]
[Black "Strasser, Rouben"]
[Result "1-0"]
[WhiteElo "1858"]
[BlackElo "1806"]
[PlyCount "73"]
[EventDate "2019.07.20"]
[EventType "swiss"]
[EventRounds "9"]
[EventCountry "CAN"]

1. d4 d5 2. Nf3 Nf6 3. g3 e6 4. Bg2 b6 5. c4 Bb7 6. cxd5 Nxd5 7. O-O Nd7 8. Qa4
c6 9. e4 b5 10. Qb3 N5b6 11. Bf4 a6 12. Nc3 Be7 13. h4 O-O 14. Rfd1 Nf6 15. Ne5
Rc8 16. Bf3 Nfd7 17. Nd3 Qe8 18. e5 Nd5 19. Bxd5 cxd5 20. a4 Bc6 21. axb5 axb5
22. Bg5 Bxg5 23. hxg5 Nb6 24. Kg2 Nc4 25. Nb4 Bd7 26. Rh1 f6 27. Qc2 Qg6 28.
Qxg6 hxg6 29. exf6 gxf6 30. Rh6 Kf7 31. Rh7+ Ke8 32. Ra7 Nb6 33. Rb7 e5 34.
Rxb6 exd4 35. Ncxd5 fxg5 36. Rd6 Bf5 37. Re7# 1-0

[Event "Quebec op U2000"]
[Site "Longueuil CAN"]
[Date "2019.07.27"]
[Round "9.3"]
[White "Steinberg, Ellis"]
[Black "Mangahas, Ronald"]
[Result "1-0"]
[WhiteElo "1745"]
[BlackElo "1670"]
[PlyCount "47"]
[EventDate "2019.07.20"]
[EventType "swiss"]
[EventRounds "9"]
[EventCountry "CAN"]

1. e4 c5 2. Nf3 d6 3. d4 cxd4 4. Nxd4 Nf6 5. Nc3 a6 6. Be3 e6 7. f3 Be7 8. Qd2
Qc7 9. O-O-O Nbd7 10. g4 Ne5 11. Kb1 Bd7 12. h4 b5 13. a3 Rc8 14. h5 h6 15. Rh2
Nc4 16. Bxc4 Qxc4 17. Rdh1 a5 18. g5 hxg5 19. h6 gxh6 20. Bxg5 Ng4 21. Bxe7
Nxh2 22. Bxd6 Nf1 23. Qf2 b4 24. Qh4 1-0

[Event "Quebec op U2000"]
[Site "Longueuil CAN"]
[Date "2019.07.27"]
[Round "9.4"]
[White "Robillard, Jean-Philippe"]
[Black "De Lagrave, Sylvain"]
[Result "1-0"]
[WhiteElo "1617"]
[BlackElo "1860"]
[PlyCount "71"]
[EventDate "2019.07.20"]
[EventType "swiss"]
[EventRounds "9"]
[EventCountry "CAN"]

1. d4 Nf6 2. c4 c5 3. d5 e5 4. Nc3 d6 5. e4 Nbd7 6. g3 a6 7. a4 g6 8. Be3 Bg7
9. f3 O-O 10. Qd2 Nh5 11. Nh3 Bf6 12. O-O-O Qa5 13. b3 Ng7 14. Nf2 h5 15. h4
Bd8 16. g4 Qb4 17. Kc2 Ba5 18. Be2 Qb6 19. Rdg1 Qc7 20. gxh5 Nxh5 21. f4 Nxf4
22. h5 Bxc3 23. Kxc3 Qa5+ 24. Kc2 Qxd2+ 25. Kxd2 Nf6 26. Bxf4 exf4 27. hxg6
fxg6 28. Rxg6+ Kf7 29. Rhh6 Ke7 30. e5 dxe5 31. d6+ Kxd6 32. Ne4+ Ke7 33. Rg7+
Rf7 34. Rxf7+ Kxf7 35. Rxf6+ Ke7 36. Rb6 1-0

[Event "Quebec op U2000"]
[Site "Longueuil CAN"]
[Date "2019.07.27"]
[Round "9.5"]
[White "Baran, Marius"]
[Black "Goldner, John"]
[Result "1-0"]
[WhiteElo "1648"]
[BlackElo "1731"]
[PlyCount "67"]
[EventDate "2019.07.20"]
[EventType "swiss"]
[EventRounds "9"]
[EventCountry "CAN"]

1. e4 e5 2. Nf3 Nc6 3. d4 exd4 4. Bc4 Nf6 5. e5 d5 6. Bb5 Ne4 7. Nxd4 Bc5 8.
Be3 Bd7 9. Bxc6 bxc6 10. Nd2 Bxd4 11. Bxd4 Nxd2 12. Qxd2 O-O 13. O-O Bf5 14.
Rae1 Qd7 15. Re3 Rfe8 16. h3 Re6 17. g4 Rg6 18. Rg3 Be6 19. f4 Bf5 20. Qc3 Be4
21. f5 Rh6 22. Be3 d4 23. Qd2 Kh8 24. Bxh6 gxh6 25. Rd1 c5 26. b4 cxb4 27. Qxd4
Qxd4+ 28. Rxd4 Bxc2 29. Rg2 b3 30. axb3 Bxb3 31. f6 c6 32. Rb2 Bd5 33. Rdb4 Rf8
34. Rb8 1-0

[Event "Quebec op U2000"]
[Site "Longueuil CAN"]
[Date "2019.07.27"]
[Round "9.6"]
[White "Liu, Kevin"]
[Black "Selling, Edward"]
[Result "1/2-1/2"]
[WhiteElo "1658"]
[BlackElo "1604"]
[PlyCount "40"]
[EventDate "2019.07.20"]
[EventType "swiss"]
[EventRounds "9"]
[EventCountry "CAN"]

1. c4 Nf6 2. Nc3 c5 3. g3 Nc6 4. Bg2 e6 5. e4 Be7 6. Nge2 O-O 7. O-O a6 8. d4
cxd4 9. Nxd4 Qc7 10. Nxc6 dxc6 11. Qe2 e5 12. f4 Bg4 13. Bf3 Bxf3 14. Qxf3 Bc5+
15. Be3 Bxe3+ 16. Qxe3 Rad8 17. h3 Rd7 18. Rad1 Rfd8 19. Rxd7 Rxd7 20. Rd1
Rxd1+ 1/2-1/2

[Event "Quebec op U2000"]
[Site "Longueuil CAN"]
[Date "2019.07.27"]
[Round "9.7"]
[White "Lin, Leo"]
[Black "Hernandez, Juan Felipe"]
[Result "1/2-1/2"]
[WhiteElo "1660"]
[BlackElo "1454"]
[PlyCount "175"]
[EventDate "2019.07.20"]
[EventType "swiss"]
[EventRounds "9"]
[EventCountry "CAN"]

1. Nf3 Nf6 2. c4 d5 3. cxd5 Nxd5 4. e4 Nf6 5. Nc3 e6 6. d4 c5 7. Be3 cxd4 8.
Nxd4 e5 9. Ndb5 Nc6 10. Qxd8+ Kxd8 11. O-O-O+ Bd7 12. Bc4 Nd4 13. Bxd4 exd4 14.
Rxd4 Bc5 15. Rd2 Ke7 16. Rhd1 Bc6 17. Nd5+ Nxd5 18. exd5 Bxb5 19. Bxb5 Kd6 20.
Kb1 a6 21. Bc4 Rhe8 22. Rc2 Rac8 23. Rdc1 Rc7 24. Bd3 Bb6 25. Rxc7 Bxc7 26. f3
h6 27. Be4 Re7 28. g4 g5 29. Kc2 Bb6 30. Kd3 Rc7 31. Rxc7 Bxc7 32. b4 a5 33.
bxa5 Bxa5 34. Kc4 Bd2 35. Kb5 Be3 36. a4 Bf2 37. a5 Be3 38. Kc4 Bd2 39. Kb5 Be3
40. Bf5 Kc7 41. h3 f6 42. Be6 Bf2 43. a6 bxa6+ 44. Kxa6 Be3 45. Kb5 Bf2 46. Kc4
Kd6 47. Bg8 Ba7 48. Kb5 Be3 49. Be6 Bf2 50. Kc4 Ba7 51. Kd3 Ke5 52. Ke2 Bc5 53.
Kf1 Kf4 54. Kg2 Bd6 55. Bf5 Bc5 56. Be4 Bd6 57. Kf2 Bc5+ 58. Ke2 Ke5 59. Kd3
Kd6 60. Kc4 Bf2 61. Bh7 Ba7 62. Bb1 Bf2 63. Ba2 Ba7 64. Kd3 Ke5 65. d6 Kxd6 66.
Ke4 Ke7 67. Kf5 Bd4 68. Kg6 Be5 69. Kxh6 Bg3 70. Kg6 Be5 71. Kf5 Bg3 72. Bd5
Be5 73. f4 gxf4 74. h4 Kf8 75. Kg6 f3 76. Kh7 f2 77. Bc4 Bg3 78. h5 Be5 79. h6
Bc3 80. Bf1 Bd4 81. Bc4 Bc3 82. Kg6 f1=Q 83. Bxf1 Kg8 84. h7+ Kh8 85. Bd3 Bb2
86. Kh5 Bc3 87. g5 fxg5 88. Kxg5 1/2-1/2

[Event "Quebec op U2000"]
[Site "Longueuil CAN"]
[Date "2019.07.27"]
[Round "9.8"]
[White "Moran-Venegas, Mario"]
[Black "Morin-Pare, Victor"]
[Result "0-1"]
[WhiteElo "1631"]
[BlackElo "1904"]
[PlyCount "54"]
[EventDate "2019.07.20"]
[EventType "swiss"]
[EventRounds "9"]
[EventCountry "CAN"]

1. c4 Nf6 2. g3 e5 3. Bg2 Bc5 4. e4 d6 5. Ne2 O-O 6. Nbc3 c6 7. O-O Bg4 8. h3
Be6 9. d3 Nbd7 10. Kh2 Ne8 11. a3 a5 12. Rb1 f5 13. f4 Bb6 14. b4 axb4 15. axb4
h6 16. b5 Qc8 17. Bb2 Nc5 18. bxc6 bxc6 19. exf5 Bxf5 20. Ne4 Qc7 21. fxe5 dxe5
22. Bxe5 Qxe5 23. Rxb6 Nxe4 24. dxe4 Bxe4 25. Rxf8+ Kxf8 26. Nf4 Ra2 27. Qd7
Qxf4 0-1

[Event "Quebec op U2000"]
[Site "Longueuil CAN"]
[Date "2019.07.27"]
[Round "9.9"]
[White "Tsukerman, Julia"]
[Black "Jiang, Barron Jiyu"]
[Result "1-0"]
[WhiteElo "1481"]
[BlackElo "1588"]
[PlyCount "79"]
[EventDate "2019.07.20"]
[EventType "swiss"]
[EventRounds "9"]
[EventCountry "CAN"]

1. e4 c5 2. Nf3 d6 3. d4 cxd4 4. Nxd4 Nf6 5. Nc3 a6 6. Be3 e5 7. Nb3 Be6 8. f3
Be7 9. Qd2 b5 10. O-O-O b4 11. Na4 Nc6 12. Nb6 Rb8 13. Nc4 d5 14. exd5 Nxd5 15.
Qf2 Qc7 16. Nc5 Qc8 17. Nxe6 Qxe6 18. Bc5 O-O 19. Bxe7 Ncxe7 20. g3 Nc6 21. Bd3
Rfd8 22. Rhe1 Qf6 23. Re4 Rb7 24. Rde1 Re7 25. Ne3 Nd4 26. Nxd5 Rxd5 27. f4 a5
28. Qe3 Nc6 29. Bc4 Rd4 30. Rxe5 Rxe5 31. fxe5 Qh6 32. Qxh6 gxh6 33. b3 Nd8 34.
Rd1 Rxd1+ 35. Kxd1 Kg7 36. Ke2 Nc6 37. e6 fxe6 38. Ke3 Kf6 39. h3 Ne5 40. Bf1
1-0

[Event "Quebec op U2000"]
[Site "Longueuil CAN"]
[Date "2019.07.27"]
[Round "9.10"]
[White "Laroche, Hugo"]
[Black "Gauthier, Denis"]
[Result "1-0"]
[WhiteElo "1665"]
[BlackElo "1792"]
[PlyCount "101"]
[EventDate "2019.07.20"]
[EventType "swiss"]
[EventRounds "9"]
[EventCountry "CAN"]

1. d4 Nf6 2. Bf4 g6 3. Nf3 Bg7 4. e3 O-O 5. c4 d6 6. Nc3 Nc6 7. Be2 a6 8. h3
Qe8 9. O-O e5 10. dxe5 dxe5 11. Bh2 Bf5 12. Qb3 b6 13. Rfd1 Ne4 14. Nxe4 Bxe4
15. Rd2 Rd8 16. Rxd8 Qxd8 17. Qa4 Qd6 18. Rd1 Qf6 19. Qxa6 Rd8 20. Rxd8+ Qxd8
21. Bg3 h6 22. Qa4 Qd6 23. c5 Qd5 24. cxb6 cxb6 25. Bc4 Qc5 26. Qb5 Qd6 27.
Qxb6 Qd1+ 28. Kh2 Bxf3 29. gxf3 Qxf3 30. a4 g5 31. Qc5 Qf6 32. a5 h5 33. Kg2 e4
34. Be2 h4 35. Bh2 Qxb2 36. Qxc6 Qxe2 37. Qe8+ Bf8 38. Qxe4 Qb5 39. Qa8 Kg7 40.
a6 Qf5 41. a7 g4 42. Qxf8+ Kxf8 43. a8=Q+ Kg7 44. Qa1+ Kg6 45. Bf4 Qe4+ 46. Kh2
Qf3 47. Qa6+ f6 48. Qd3+ f5 49. Qd6+ Kf7 50. Qd7+ Kg6 51. Qe6+ 1-0

[Event "Quebec op U2000"]
[Site "Longueuil CAN"]
[Date "2019.07.27"]
[Round "9.11"]
[White "Blanchet, Robert"]
[Black "Bilodeau-Savaria, Sandy-Rose"]
[Result "0-1"]
[WhiteElo "1863"]
[BlackElo "1196"]
[PlyCount "99"]
[EventDate "2019.07.20"]
[EventType "swiss"]
[EventRounds "9"]
[EventCountry "CAN"]

1. e4 c5 2. Nf3 e6 3. d4 cxd4 4. Nxd4 Nc6 5. Nc3 Qc7 6. Ncb5 Qb8 7. c4 Nf6 8.
f3 a6 9. Nc3 Bc5 10. Be3 Ba7 11. c5 Qc7 12. Ncb5 axb5 13. Nxb5 Qb8 14. Nd6+ Kf8
15. Bb5 Ne8 16. e5 Nxe5 17. Nxc8 Qxc8 18. b4 Nc6 19. Bxc6 Qxc6 20. Rc1 d6 21.
O-O dxc5 22. bxc5 Rc8 23. Qb3 Qd5 24. Qa3 Ra8 25. Rfd1 Qc6 26. Kh1 f6 27. Qb4
Kf7 28. Rd6 Nxd6 29. cxd6 Qd5 30. Bxa7 Rxa7 31. Rc7+ Kg6 32. Qg4+ Qg5 33. Qxe6
b6 34. Qf7+ Kh6 35. g4 Rxc7 36. dxc7 Qe5 37. f4 Qc5 38. h4 Qc6+ 39. Kg1 Qc5+
40. Kh1 g6 41. Qxf6 Rf8 42. Qd8 b5 43. f5 Qc6+ 44. Kh2 Qe8 45. Qd4 gxf5 46.
Qf4+ Kg7 47. Qg5+ Qg6 48. Qe7+ Qf7 49. Qe5+ Kg8 50. gxf5 0-1

[Event "Quebec op U2000"]
[Site "Longueuil CAN"]
[Date "2019.07.27"]
[Round "9.13"]
[White "Duplessis, Claude"]
[Black "Desmarais, Serge"]
[Result "1-0"]
[WhiteElo "1571"]
[BlackElo "1650"]
[PlyCount "75"]
[EventDate "2019.07.20"]
[EventType "swiss"]
[EventRounds "9"]
[EventCountry "CAN"]

1. e4 e6 2. d4 d5 3. e5 c5 4. c3 Nc6 5. Nf3 Qb6 6. a3 cxd4 7. cxd4 f6 8. Bd3
Bd7 9. Bc2 f5 10. O-O h6 11. Nc3 g5 12. Na4 Qd8 13. h3 b6 14. Nc3 a6 15. Nh2
Qe7 16. Qh5+ Qf7 17. Qxf7+ Kxf7 18. Ne2 Be7 19. g3 Kg7 20. f4 Nd8 21. Bd3 Nf7
22. Bd2 Bd8 23. Rac1 Ne7 24. g4 a5 25. Ng3 Nc6 26. gxf5 exf5 27. Bxf5 Be8 28.
Nh5+ Kg8 29. Be3 Na7 30. Ng4 gxf4 31. Bxf4 Bb5 32. Rf2 Ng5 33. Ngf6+ Bxf6 34.
Nxf6+ Kg7 35. Nxd5 Rab8 36. Rc7+ Kf8 37. Rxa7 Rd8 38. Bxg5 1-0